000 00466pab a2200157 454500
008 180718b2000 xxu||||| |||| 00| 0 eng d
100 _aKawadia, Ganesh
245 _aProductivity growth in the agricultural economy of Madhya Pradesh: a decomposition analysis
260 _c2000
300 _ap.137-42
362 _aApr
650 _aAgriculture - India - Madhya Pradesh
650 _aAgricultural production
773 _aAsian Economic Review
909 _a45345
999 _c45345
_d45345